ADVANCED SOIL MACHANICS / (Record no. 587247)
[ view plain ]
| 000 -LEADER | |
|---|---|
| fixed length control field | 00321nam a22001337a 4500 |
| 040 ## - CATALOGING SOURCE | |
| Transcribing agency | FIZZA ISHAQ |
| 082 ## - DEWEY DECIMAL CLASSIFICATION NUMBER | |
| Classification number | 624.15136 |
| Author Mark | BRA |
| 100 ## - MAIN ENTRY--PERSONAL NAME | |
| Personal name | DAS, M BRAJA. |
| 9 (RLIN) | 86120 |
| 245 ## - TITLE STATEMENT | |
| Title | ADVANCED SOIL MACHANICS / |
| Statement of responsibility, etc. | DAS, M BRAJA. |
| 250 ## - EDITION STATEMENT | |
| Edition statement | 5th ED. |
| 260 ## - PUBLICATION, DISTRIBUTION, ETC. | |
| Place of publication, distribution, etc. | LONDON : |
| Name of publisher, distributor, etc. | CRC, |
| Date of publication, distribution, etc. | 2019. |
| 300 ## - PHYSICAL DESCRIPTION | |
| Extent | 712 P. ; |
| 942 ## - ADDED ENTRY ELEMENTS (KOHA) | |
| Source of classification or shelving scheme | |
| Koha item type | Book |
| Withdrawn status | Lost status | Source of classification or shelving scheme | Damaged status | Not for loan | Permanent Location | Current Location | Date acquired | Total Checkouts | Full call number | Date last seen | Copy number | Price effective from | Koha item type |
|---|---|---|---|---|---|---|---|---|---|---|---|---|---|
| NUST Baluchistan Campus (NBC) | NUST Baluchistan Campus (NBC) | 12/08/2021 | 624.15136 BRA | 12/08/2021 | Q-2140 | 12/08/2021 | Book |
